000 00589cam a22002053a 4500
001 42388
003 PGUSA
005 20140828083947.0
008 130322s2013||||xxu|||||s|||||000 | eng d
040 _aPGUSA
_beng
042 _adc
100 1 _aGuppy, H. B.
_q(Henry Brougham)
245 1 4 _aThe Solomon Islands and Their Natives
_h[electronic resource] /
_cH. B. Guppy
260 _bProject Gutenberg,
_c2013
506 _aPublic domain in the USA.
516 _aElectronic text
830 0 _aProject Gutenberg
_v42388
856 4 0 _uhttp://www.gutenberg.org/ebooks/42388
942 _cEB
999 _c271640
_d271640